000 00335nam a2200109Ia 4500
008 230907s9999||||xx |||||||||||||| ||und||
082 _a621.3
_bIEC
100 _aIEC Standards
_9117978
245 0 _aIEC 60505 ED. 3.0 B:2004, EVALUATION AND QUALIFICATION OF ELECTRICAL INSULATION SYSTEMS
260 _bIEC
_c2019-09-13
942 _2ddc
_cEB
999 _c599835
_d599835